000 00394nam a2200145Ia 4500
008 210210b1983 xxu||||| |||| 00| 0 eng d
020 _a0 7069 2213 1
082 _a304.6 PREI
100 _aPREMI (M K) and others.
245 _aIntroduction to social demography.
260 _aNew Delhi.
_bVikas Publishing House Pvt Ltd.,
_c1983
300 _ax,214
690 _aPopulation
906 _a037815
999 _c88262
_d88262